After ever after / (Record no. 3645)

MARC details
000 -LEADER
fixed length control field 00872nam a22002417a 4500
001 - CONTROL NUMBER
control field 3645
003 - CONTROL NUMBER IDENTIFIER
control field FISKH
005 - DATE AND TIME OF LATEST TRANSACTION
control field 20240402113949.0
008 - FIXED-LENGTH DATA ELEMENTS--GENERAL INFORMATION
fixed length control field 240402b cb ||||| |||| 00| 0 eng d
040 ## - CATALOGING SOURCE
Original cataloging agency FISK
Language of cataloging eng
Transcribing agency FISK
Modifying agency FISK
050 ## - LIBRARY OF CONGRESS CALL NUMBER
Classification number PZ7.S6984
082 ## - DEWEY DECIMAL CLASSIFICATION NUMBER
Classification number 305
100 ## - MAIN ENTRY--PERSONAL NAME
Personal name Sonnenblick Jordan
Dates associated with a name 1969-
245 ## - TITLE STATEMENT
Title After ever after /
Statement of responsibility, etc. Jordan Sonnenblick
260 ## - PUBLICATION, DISTRIBUTION, ETC.
Place of publication, distribution, etc. New York :
Name of publisher, distributor, etc. Scholastic,
Date of publication, distribution, etc. 2010
300 ## - PHYSICAL DESCRIPTION
Extent 260 pages :
Dimensions 19 cm
505 ## - FORMATTED CONTENTS NOTE
Formatted contents note O
520 ## - SUMMARY, ETC.
Summary, etc. Although Jeff and Tad, encouraged by a new friend, Lindsey, make a deal to help one another overcome aftereffects of their cancer treatments in preparation for eighth-grade graduation, Jeff still craves advice from his older brother Stephen, who is studying drums in Africa.
521 8# - TARGET AUDIENCE NOTE
Target audience note 820
Source Lexile
700 ## - ADDED ENTRY--PERSONAL NAME
Personal name Jordan Sonnenblick
942 ## - ADDED ENTRY ELEMENTS (KOHA)
Source of classification or shelving scheme Dewey Decimal Classification
Koha item type Books
Suppress in OPAC No
Holdings
Withdrawn status Lost status Source of classification or shelving scheme Damaged status Not for loan Collection Home library Current library Shelving location Date acquired Total Checkouts Full call number Barcode Date last seen Date last checked out Copy number Price effective from Koha item type
    Dewey Decimal Classification     Fiction Footprints International School Library Network Toul Kork Campus Footprints International School Library Network Toul Kork Campus TTP Secondary Fiction Bookshelves 04/02/2024 1 SON PZ7.S6984 305 2024-0445 05/29/2025 05/08/2025 1 04/02/2024 Books
    Dewey Decimal Classification     Fiction Footprints International School Library Network Toul Kork Campus Footprints International School Library Network Toul Kork Campus TTP Secondary Fiction Bookshelves 06/10/2024   SON PZ7.S6984 305 2024-0856 06/10/2024   2 06/10/2024 Books